3 Doors Down Songs on the Billboard Hot 100 Chart (USA) - Statistics

General Stats
  • This quiz has been taken 30 times
  • The average score is 5 of 10
Answer Stats
Peak Chart Position, Year Answer % Correct
3, 2000 Kryptonite
96%
5, 2003 Here Without You
83%
55, 2000 Loser
61%
4, 2003 When I'm Gone
61%
62, 2004 Away From the Sun
48%
24, 2001 Be Like That
48%
17, 2008 It's Not My Time
48%
14, 2005 Let Me Go
39%
96, 2008 Citizen/Soldier
26%
81, 2011 When You're Young
26%
No matching quizzes found
Score Distribution
Percent of People with Each Score
Percentile by Number Answered
Your Score History
You have not taken this quiz